000 06548cim a22012977a 4500
999 _c57856
001 13609592
003 LIBRIS
005 20210526122847.0
007 sd |||||||m|||
008 121204s2013 sw | ||||||||||f | swe|c
020 _a9789170368271
_qCD-skiva
035 _a(BOKR)9789170368271
035 _a(Bo)514111
040 _aBOKR
_dPhs
_dUdd
_ea
041 _aswe
082 0 4 _a839.738
_223/swe
100 1 _aAlvtegen, Karin,
_d1965-
_4aut
_4nrt
_0https://libris.kb.se/ljx029r41n9m2gk#it
245 1 0 _aFjärilseffekten
_h[Ljudupptagning] /
_cKarin Alvtegen.
264 1 _aStockholm :
_bStoryside,
_cp 2013
300 _a6 CD (7 tim., 20 min.)
_c13 cm.
500 _aInläst ur: Stockholm : Bromberg, 2013. ISBN 978-91-7337-468-2
511 0 _aInläsare: Karin Alvtegen
655 7 _aLjudböcker
_0https://id.kb.se/term/saogf/Ljudb%C3%B6cker
_2saogf
655 7 _aSkönlitteratur
_0https://id.kb.se/term/saogf/Sk%C3%B6nlitteratur
_2saogf
776 0 8 _iInläst ur:
_aAlvtegen, Karin, 1965-
_tFjärilseffekten
_dStockholm : Bromberg, 2013
_z9789173374682
887 _a{"@id":"q825j3t217ws9b7","modified":"2016-04-04T16:21:27+02:00","checksum":"231577283748"}
_2librisxl
887 _a{"@id":"v06v0j81481xj4j","modified":"2014-08-25T10:49:22+02:00","checksum":"161121024288"}
_2librisxl
887 _a{"@id":"tz5n77k0300r751","modified":"2013-04-09T11:44:15+02:00","checksum":"165381237356"}
_2librisxl
887 _a{"@id":"8dmj9vvf4c4z0rj","modified":"2016-01-25T12:54:26+01:00","checksum":"128766243764"}
_2librisxl
887 _a{"@id":"w17qbqz21xt8lfs","modified":"2013-04-17T14:48:17+02:00","checksum":"168121149243"}
_2librisxl
887 _a{"@id":"fkrdvv4l3dwk6tj","modified":"2014-04-01T12:17:58+02:00","checksum":"132027453540"}
_2librisxl
887 _a{"@id":"3gtgg29b1pc0dz1v","modified":"2021-02-26T10:41:04.485+01:00","checksum":"132939218228"}
_2librisxl
887 _a{"@id":"ns0hzcbt1s2bxq6","modified":"2013-03-19T14:39:34+01:00","checksum":"158739562872"}
_2librisxl
887 _a{"@id":"hmvpm4rn34kqlmv","modified":"2015-10-19T09:58:54+02:00","checksum":"149804626638"}
_2librisxl
887 _a{"@id":"59h0kfgb1flsjb2","modified":"2013-04-08T11:44:07+02:00","checksum":"142885049755"}
_2librisxl
887 _a{"@id":"chp5b56j2dk1g8p","modified":"2013-01-23T17:23:56+01:00","checksum":"133444754690"}
_2librisxl
887 _a{"@id":"mrzg2cts5774l9g","modified":"2013-07-10T08:59:06+02:00","checksum":"157293336924"}
_2librisxl
887 _a{"@id":"6bj1j9nc3h2mmw5","modified":"2013-03-25T14:42:20+01:00","checksum":"140137761358"}
_2librisxl
887 _a{"@id":"jnvbfpbp46k345m","modified":"2013-01-21T17:22:53+01:00","checksum":"151352467761"}
_2librisxl
887 _a{"@id":"26dwf29753fs8mh","modified":"2013-04-04T14:43:57+02:00","checksum":"144454456015"}
_2librisxl
887 _a{"@id":"x28rcnt3232mlb6","modified":"2013-07-01T16:50:46+02:00","checksum":"177143101852"}
_2librisxl
887 _a{"@id":"ns0h79wt3tb5xvk","modified":"2013-04-25T09:20:45+02:00","checksum":"171491762911"}
_2librisxl
887 _a{"@id":"hmvn67qn5vp0sd4","modified":"2015-06-22T10:50:53+02:00","checksum":"145799382427"}
_2librisxl
887 _a{"@id":"tz5m5r502jf49hk","modified":"2013-09-16T08:44:01+02:00","checksum":"155802198137"}
_2librisxl
887 _a{"@id":"9fm48k6g4j7ms3g","modified":"2017-01-16T08:53:38+01:00","checksum":"108023210755"}
_2librisxl
887 _a{"@id":"fkr8q2jl0kksg2c","modified":"2013-03-19T12:39:44+01:00","checksum":"134029673686"}
_2librisxl
887 _a{"@id":"mrzg02ws1hg00sv","modified":"2013-04-03T16:15:07+02:00","checksum":"156390285650"}
_2librisxl
887 _a{"@id":"gls9hh3m0px1j94","modified":"2013-06-14T16:20:10+02:00","checksum":"136445509582"}
_2librisxl
887 _a{"@id":"8mzk20fz6n0d4dgl","modified":"2021-02-17T13:46:55.01+01:00","checksum":"131411751582"}
_2librisxl
887 _a{"@id":"9fm56lgg030wxrf","modified":"2013-10-02T14:43:00+02:00","checksum":"139886776315"}
_2librisxl
900 1 s _6100
_d1965-
_uAlvtegen, Karin,
_d1965-
900 1 s _6100
_d1965-
_uAlvtegen, Karin,
_d1965-
900 1 s _6100
_d1965-
_uAlvtegen, Karin,
_d1965-
900 1 s _6100
_d1965-
_uAlvtegen, Karin,
_d1965-
900 1 s _6100
_d1965-
_uAlvtegen, Karin,
_d1965-
900 1 s _6100
_d1965-
_uAlvtegen, Karin,
_d1965-
942 _2z
_cAUDIOBOOK